All Peter Pan characters by screen time - Statistics

General Stats
  • This quiz has been taken 15 times
  • The average score is 11 of 19
Answer Stats
% Of Movie Screen Time Answer % Correct
26.02 19:56 Captain Hook
100%
21.78 16:41 Peter Pan
90%
15.10 11:34 Smee
90%
21.28 16:18 Wendy
90%
13.86 10:37 John
80%
14.06 10:46 Michael
80%
4.59 3:31 Nana
80%
7.31 5:36 George
70%
3.39 2:59 Mary
70%
2.24 1:43 Tiger Lily
70%
11.14 8:32 Tinker Bell
70%
1.98 1:31 Chief
40%
4.40 3:22 Crocodile
30%
9.88 7:34 Cubby
20%
8.16 6:15 Nibs
20%
8.88 6:48 Slightly
20%
5.83 4:28 Tootles
20%
9.16 7:01 Twins
20%
3.46 2:39 Peter's Shadow
0%
No matching quizzes found
Score Distribution
Percent of People with Each Score
Percentile by Number Answered
Your Score History
You have not taken this quiz